Vývoj hospodárstiev severských krajín a ich aktuálne postavenie vo svetovej ekonomike

Priblíženie procesu ekonomického vzostupu severských krajín na pozadí historických skutočností. Pozornosť je venovaná industrializácii týchto krajín, ako aj role prírodných zdrojov v ekonomickom raste jednotlivých hospodárstiev. Poukázanie na postavenie severských krajín vo vybraných globálnych rank...

Ausführliche Beschreibung

Gespeichert in:
Bibliographische Detailangaben
1. Verfasser: Tánczosová, Jana
Weitere Verfasser: Gavaľová, Viera
Format: Buchkapitel
Sprache:Slowakisch
Schlagworte:
Tags: Tag hinzufügen
Keine Tags, Fügen Sie das erste Tag hinzu!

MARC

LEADER 00000nla a2200000 4500
001 0211179
005 20240502073523.6
041 0 |a slo 
044 |a SK 
245 1 0 |a Vývoj hospodárstiev severských krajín a ich aktuálne postavenie vo svetovej ekonomike  |c Jana Tánczosová, Viera Gavaľová 
520 |a Priblíženie procesu ekonomického vzostupu severských krajín na pozadí historických skutočností. Pozornosť je venovaná industrializácii týchto krajín, ako aj role prírodných zdrojov v ekonomickom raste jednotlivých hospodárstiev. Poukázanie na postavenie severských krajín vo vybraných globálnych rankingoch. Rankingy zahŕňajú široké spektrum oblastí hospodárskeho života, ako aj vplyv úrovne ekonomiky na život a spokojnosť obyvateľov. Konkurencieschopnosť, ľudský kapitál, vedomostná ekonomika, inovačná schopnosť, prosperita a šťastie v kontexte severských krajín. 
610 2 0 |a Švédsko 
610 2 0 |a Dánsko 
610 2 0 |a Nórsko 
610 2 0 |a Fínsko 
610 2 0 |a rast hospodársky 
610 2 0 |a industrializácia 
610 2 0 |a ukazovatele ekonomické 
610 2 0 |a zdroje prírodné 
610 2 0 |a konkurencieschopnosť 
610 2 0 |a ekonomika znalostná 
610 2 0 |a inovácia 
100 1 |a Tánczosová, Jana 
700 1 |a Gavaľová, Viera